Klasyfikacja Medalowa Ligi Światowej/Ligi Narodów w siatkówce mężczyzn - Statystyki

Ogólne statystyki
  • Ten quiz został rozwiązany 88 razy
  • Średni wynik to 10 z 11
Statystyki odpowiedzi
Reprezentacja Złoto Srebro Brąz Suma % Poprawnych
Polska 2 1 4 7
100%
Brazylia 10 7 4 21
98%
Rosja/ZSRR 5 5 7 17
98%
Stany Zjednoczone 2 4 4 10
95%
Włochy 8 3 4 15
95%
Japonia 0 1 1 2
94%
Francja 4 2 2 8
91%
Serbia/Jugosławia 1 5 3 9
76%
Holandia 1 1 1 3
71%
Kanada 0 0 1 1
70%
Kuba 1 5 3 9
63%
Nie znaleziono quizów pasujących do podanych kryteriów
Rozkład punktacji
Procent ludzi z każdym wynikiem
Percentyl według liczby udzielonych odpowiedzi
Twoja historia wyników
Nie rozwiązałeś tego quizu